000 00629nam a2200265Ia 4500
005 20260324152925.0
008 008 260324s9999 xx 000 0 eng d
020 _a9780124199729
037 _aEBOOK
040 _aCRL
040 _beng
040 _cCRL
041 _2eng
041 _aeng
084 _qCRL
100 _aWang, Shaoping
_91230115
245 0 _aCommercial Aircraft Hydraulic Systems
260 _bElsevier
260 _c2015
650 _aEngineering
856 _uhttps://www.sciencedirect.com/science/book/9780124199729
942 _cEBOOK
999 _c1841139
_d1841139